Studies in the History of Tax Law, Volume 6 (Record no. 65828)
[ view plain ]
| 000 -LEADER | |
|---|---|
| fixed length control field | 01602nam a2200217Ii 4500 |
| 008 - FIXED-LENGTH DATA ELEMENTS--GENERAL INFORMATION | |
| fixed length control field | 221202s xx 000 0 und d |
| 100 1# - MAIN ENTRY--PERSONAL NAME | |
| Personal name | Tiley, John, |
| Relator term | author |
| 245 #0 - TITLE STATEMENT | |
| Title | Studies in the History of Tax Law, Volume 6 |
| 264 ## - PRODUCTION, PUBLICATION, DISTRIBUTION, MANUFACTURE, AND COPYRIGHT NOTICE | |
| Name of producer, publisher, distributor, manufacturer | Hart Publishing |
| Date of production, publication, distribution, manufacture, or copyright notice | 2013 |
| 300 ## - PHYSICAL DESCRIPTION | |
| Extent | 1 online resource (568 pages) |
| 336 ## - CONTENT TYPE | |
| Content type term | text |
| Content type code | txt |
| Source | rdacontent |
| 337 ## - MEDIA TYPE | |
| Media type term | computer |
| Media type code | c |
| Source | rdamedia |
| 338 ## - CARRIER TYPE | |
| Carrier type term | online resource |
| Carrier type code | cr |
| Source | rdacarrier |
| 490 ## - SERIES STATEMENT | |
| Series statement | Studies in the History of Tax Law |
| Volume/sequential designation | 6 |
| 520 ## - SUMMARY, ETC. | |
| Summary, etc. | These are the papers from the 2012 Cambridge Tax Law History Conference revised and reviewed for publication. The papers include new studies of: income tax law rewrite projects 1914:1956; law and administration in capital allowances 1878: 1950; the 'full amount' in income tax legislation; Sir Josiah Stamp and double income tax; early German income tax treaties and laws concerned with double tax avoidance (1869:1908); the policy of the medicine stamp duty; 'Danegeld' : from Danish tribute to English land tax; religion and charity, a historical perspective; 'Plaintive Glitterati'; a collision of accounting and law, dividends from pre-1914 profits in Australia; the history and development of the taxation profession in the UK and Australia; an inquiry into Dutch to British Colonial Malacca 1824:1839; the taxation history of China; taxing bachelors in America: 1895:1939; Dutch Tax reform under Napoleon; and the last decade of estate duty. |
| 653 ## - INDEX TERM--UNCONTROLLED | |
| Uncontrolled term | History Of Law |
| 653 ## - INDEX TERM--UNCONTROLLED | |
| Uncontrolled term | Income Tax Law |
| 653 ## - INDEX TERM--UNCONTROLLED | |
| Uncontrolled term | Tax Law |
| 856 ## - ELECTRONIC LOCATION AND ACCESS | |
| Uniform Resource Identifier | <a href="http://library.oapen.org/handle/20.500.12657/33204">http://library.oapen.org/handle/20.500.12657/33204</a> |
| 942 ## - ADDED ENTRY ELEMENTS (KOHA) | |
| Koha item type | E-Book |
| Withdrawn status | Damaged status | Not for loan | Home library | Current library | Date acquired | Total Checkouts | Date last seen | Price effective from | Koha item type |
|---|---|---|---|---|---|---|---|---|---|
| Directory of Open Access Books | Directory of Open Access Books | 11/28/2022 | 11/28/2022 | 11/28/2022 | E-Book |